| 000 | 00394nam a2200145Ia 4500 | ||
|---|---|---|---|
| 008 | 150201s2006 xx 000 0 und d | ||
| 082 |
_a617.5 _bT2006L |
||
| 100 | _aLASKIN, DANIAL | ||
| 245 | _aTMDS : AN EVIDANCE BASED APPROCH TO DIAGNOSIS AND TREATMENT | ||
| 250 | _a1ST | ||
| 260 |
_bQUINTESSENCE PUBLICATION _aCHICAGO _c2006 |
||
| 300 | _a1-548 | ||
| 650 | _aORAL SURGERY | ||
| 942 |
_2ddc _cBK |
||
| 999 |
_c4651 _d4651 |
||